अटल बिहारी वाजपेयी की कविताएँ (Record no. 176387)
[ view plain ]
| 000 -LEADER | |
|---|---|
| fixed length control field | 00508nam a2200145Ia 4500 |
| 008 - FIXED-LENGTH DATA ELEMENTS--GENERAL INFORMATION | |
| fixed length control field | 230917s9999||||xx |||||||||||||| ||und|| |
| 040 ## - CATALOGING SOURCE | |
| -- | 206831 |
| Original cataloging agency | VIVEKANANDA LIBRARY |
| 041 ## - Language | |
| -- | English |
| 082 ## - DDC NUMBER | |
| Classification number | 891.43172109 VA215:TI |
| 100 ## - MAIN ENTRY--PERSONAL NAME | |
| Personal name | ठाकुर, इन्द्र सिहं |
| 245 #0 - TITLE STATEMENT | |
| Title | अटल बिहारी वाजपेयी की कविताएँ |
| 260 ## - PUBLICATION, DISTRIBUTION, ETC. (IMPRINT) | |
| Place of publication, distribution, etc | नई दिल्ली |
| Name of publisher, distributor, etc | निर्मल पब्लिकेशन्स |
| Date of publication, distribution, etc | 2009 |
| 300 ## - PHYSICAL DESCRIPTION | |
| Pages | v, 71 p. |
| 942 ## - ADDED ENTRY ELEMENTS (KOHA) | |
| Koha item type | Hindi Books |
| Withdrawn status | Lost status | Damaged status | Not for loan | Location (home branch) | Sublocation or collection (holding branch) | Date acquired | Koha issues (times borrowed) | Koha full call number | Accession No. | Koha date last seen | Koha item type |
|---|---|---|---|---|---|---|---|---|---|---|---|
| VIVEKANANDA LIBRARY | VIVEKANANDA LIBRARY | 21/05/2013 | 1 | 891.43172109 VA215:TI | 332299 | 25/11/2023 | Hindi Books |
